LEADER 01031nam0-22003131i-450- 001 990000952530403321 005 20040526144800.0 010 $a82-553-0126-7 035 $a000095253 035 $aFED01000095253 035 $a(Aleph)000095253FED01 035 $a000095253 100 $a20020001d--------km-y0itay50------ba 101 0 $aeng 200 1 $a<>Wightman Axioms and the Mass Gap for Strong Interactions of Exponential Type in Two-Dimensional Space-Time$fby Sergio Albeverio and Raphael Hoegh-Krohn 210 $aOslo$cUniversitetet i Oslo$d1973 300 $aPreprint. 610 0 $aFisica matematica 610 0 $aFisica teorica 676 $a530 700 1$aAlbeverio,$bSergio$044256 702 1$aHöegh-Krohn,$bRaphael 801 0$aIT$bUNINA$gRICA$2UNIMARC 901 $aBK 912 $a990000952530403321 952 $a20-121F$b13803$fFI1 959 $aFI1 996 $aWightman Axioms and the Mass Gap for Strong Interactions of Exponential Type in Two-Dimensional Space-Time$9358080 997 $aUNINA LEADER 03368nam 22007454a 450 001 9910784133203321 005 20230617004251.0 010 $a1-281-36088-0 010 $a9786611360887 010 $a0-230-60113-8 024 7 $a10.1057/9780230601130 035 $a(CKB)1000000000342718 035 $a(EBL)308265 035 $a(OCoLC)314880513 035 $a(SSID)ssj0001659607 035 $a(PQKBManifestationID)16439343 035 $a(PQKBTitleCode)TC0001659607 035 $a(PQKBWorkID)14985148 035 $a(PQKB)10706031 035 $a(SSID)ssj0000205436 035 $a(PQKBManifestationID)11197121 035 $a(PQKBTitleCode)TC0000205436 035 $a(PQKBWorkID)10192069 035 $a(PQKB)11103452 035 $a(DE-He213)978-0-230-60113-0 035 $a(MiAaPQ)EBC308265 035 $a(Au-PeEL)EBL308265 035 $a(CaPaEBR)ebr10167470 035 $a(CaONFJC)MIL136088 035 $a(OCoLC)191934348 035 $a(EXLCZ)991000000000342718 100 $a20041208d2005 uy 0 101 0 $aeng 135 $aur|n|---||||| 181 $ctxt 182 $cc 183 $acr 200 14$aThe moral economy reconsidered$b[electronic resource] $eRussia's search for agrarian capitalism /$fStephen K. Wegren 205 $a1st ed. 210 $aNew York $cPalgrave Macmillan$d2005 215 $a1 online resource (293 p.) 300 $aDescription based upon print version of record. 311 $a1-349-53133-2 311 $a1-4039-6950-7 320 $aIncludes bibliographical references (p. [215]-263) and index. 327 $aCover; Contents; List of Tables; Preface; Chapter 1 Russia's Agrarian Question in Historical and Contemporary Context; Chapter 2 Why Peasants Adapt: Origins of Behavioral Change Under Yeltsin; Chapter 3 How Peasants Adapt: Large Farms and Farm Managers; Chapter 4 How Peasants Adapt: Rural Households; Chapter 5 Effects of Adaptation and Sources of Rural Revival; Chapter 6 Peasants' Moral Economy and Implications for Russia's Agrarian Capitalism; Notes; Index 330 $aSure to be controversial and spur debate, this book presents a powerful analysis of rural change to marketization and globalization. Using Russia as a case study, it examines the how the rural population responded to reform policies during the transition away from communism. Wegren draws upon extensive field work, survey data, interviews, and wide-ranging Russian language source material to investigate adaptive behaviours by different groups of the rural population. The differentiated and nuanced analysis sheds considerable light on debates over whether actors are motivated mainly by rational or moral considerations. 606 $aPeasants$zRussia (Federation) 606 $aLand reform$zRussia (Federation) 606 $aRural renewal$zRussia (Federation) 606 $aAgriculture$xEconomic aspects$zRussia (Federation) 607 $aRussia (Federation)$xRural conditions 615 0$aPeasants 615 0$aLand reform 615 0$aRural renewal 615 0$aAgriculture$xEconomic aspects 676 $a338.1/0947 700 $aWegren$b Stephen K.$f1956-$0888056 801 0$bMiAaPQ 801 1$bMiAaPQ 801 2$bMiAaPQ 906 $aBOOK 912 $a9910784133203321 996 $aThe moral economy reconsidered$93770341 997 $aUNINA LEADER 01480nam 2200505 450 001 9910790691103321 005 20200520144314.0 010 $a1-78355-927-6 035 $a(CKB)2550000001120683 035 $a(OCoLC)880598546 035 $a(CaPaEBR)ebrary10772046 035 $a(SSID)ssj0001139634 035 $a(PQKBManifestationID)11725981 035 $a(PQKBTitleCode)TC0001139634 035 $a(PQKBWorkID)11214369 035 $a(PQKB)10592232 035 $a(MiAaPQ)EBC1420539 035 $a(Au-PeEL)EBL1420539 035 $a(CaPaEBR)ebr10772046 035 $a(CaONFJC)MIL523882 035 $a(OCoLC)859388477 035 $a(PPN)228025249 035 $a(EXLCZ)992550000001120683 100 $a20131029d2013 uy 0 101 0 $aeng 135 $aurcnu|||||||| 181 $ctxt 182 $cc 183 $acr 200 10$aInstant BrainShark $econvert your boring, outdated slideshows into engaging and powerful audio presentations using Brainshark /$fDaniel Li 210 1$aBirmingham, England :$cPackt Publishing,$d2013. 210 4$d©2013 215 $a1 online resource (52 p.) 300 $a"Instant : short, fast, focused"--Cover. 311 $a1-78355-926-8 311 $a1-299-92631-2 676 $a025.347 700 $aLi$b Daniel$0471955 801 0$bMiAaPQ 801 1$bMiAaPQ 801 2$bMiAaPQ 906 $aBOOK 912 $a9910790691103321 996 $aInstant BrainShark$93818783 997 $aUNINA LEADER 01352nas 2200493- 450 001 9910134430503321 005 20241221110043.0 035 $a(DE-599)ZDB2066666-4 035 $a(OCoLC)60623628 035 $a(CKB)954925419047 035 $a(CONSER)--2020234035 035 $a(MiFhGG)0411 035 $a(EXLCZ)99954925419047 100 $a20050614b19522006 s-- a 101 0 $aeng 135 $aurun||||||||| 135 $aurbn||||||abp 135 $aurbn||||||ada 181 $ctxt$2rdacontent 182 $cc$2rdamedia 183 $acr$2rdacarrier 200 10$aJudaism 210 1$aNew York, N.Y. :$cAmerican Jewish Congress,$d-[2007] 215 $a1 online resource 300 $aRefereed/Peer-reviewed 311 0 $a0022-5762 531 $aJUDAISM A QUARTERLY JOURNAL OF JEWISH 531 $aJUDAISM A QUARTERLY JOURNAL OF JEWISH LIFE AND THOUGHT 531 $aJUDAISM 606 $aJudaism$vPeriodicals 606 $aJudaïsme$vPériodiques 606 $aJudaism$2fast$3(OCoLC)fst00984280 606 $aJodendom$2gtt 608 $aPeriodicals.$2fast 615 0$aJudaism 615 6$aJudaïsme 615 7$aJudaism. 615 17$aJodendom. 676 $a296.05 712 02$aAmerican Jewish Congress, 906 $aJOURNAL 912 $a9910134430503321 996 $aJudaism$9791419 997 $aUNINA